| 000 | 00590nam a2200193Ia 4500 | ||
|---|---|---|---|
| 003 | OSt | ||
| 005 | 20200813130155.0 | ||
| 008 | 190216s9999||||xx |||||||||||||| ||und|| | ||
| 020 | _a9788126509720 | ||
| 040 | _coclc | ||
| 082 |
_a547.346 _bSIL/S |
||
| 100 |
_aSilverstien, Robert M _94107 |
||
| 245 | 0 |
_aSpectrometric Identification Of Organic Compounds / _cRobert M Silverstien ; Francis X Webster |
|
| 250 | _a6th Ed. | ||
| 260 |
_bWiley India, _c2005. _aNew Delhi: |
||
| 300 | _a482p | ||
| 650 | _aChemistry | ||
| 942 |
_cBK _2ddc _h547.346 _iSIL/S _k547.346 _mSIL/S |
||
| 999 |
_c3551 _d3551 |
||